000 00339 a2200157 4500
001 72143
020 _a
040 _cAnchieta - Colégio São Paulo
100 _aRocha, Kátia
240 1 0 _aA magia do lixo
_lpor
245 1 0 _aA magia do lixo
300 _a20
362 0 _a2004
650 4 _aLiteratura infanto-juvenil
942 _cBK
999 _c72143
_d72143